000
00258 a2200097 4500
001
41294
100
_a
Jafri
245
_a
A hand book for guidance workers in the secomdary schools of Pakistan
260
_a
Lahore
_b
Maqbool Academy
_c
090
_c
25487
_d
25487
942
_a
NUST-CAE
_c
M
_c
17210
999
_c
276367
_d
276367